000 01065nam a2200301 i 4500
001 bg
100 1 _aGoldberg, David Edward
_d(1953- ).
245 1 0 _aAlgorytmy genetyczne i ich zastosowania /
_cDavid E. Goldberg ; z ang. przeł. Kazimierz Grygiel.
246 _iTyt. oryg.:
_aGenetic algorithms in search, optimization and machine learning
260 _aWarszawa :
_bWydawnictwa Naukowo-Techniczne,
_c1995.
300 _a408 s. :
_bfot., rys., wykr. ;
_c24 cm.
500 _aOryg. "Genetic algorithms in search, optimization and machine learning" 1989.
504 _aBibliogr. s. 383-403. - Indeks.
650 9 _aAlgorytmy
650 9 _aGenetyka
_xmatematyka
650 9 _aOptymalizacja
_xmetody
650 9 _aProgramy komputerowe
650 9 _aSymulacja
_xmetody
655 _aPodręczniki akademickie
700 1 _aGrygiel, Kazimierz.
_eTł.
020 _a8320418526
040 _cBPK
041 1 _apl
_hen
080 _a004.421:004.8:004.94:575](075.8)
920 _a83-204-1852-6
942 _cKS
008 s pl f |000 0 pol
999 _c30607
_d30607
856 _uhttp://koha.tu.koszalin.pl/cgi-bin/koha/opac-detail.pl?biblionumber=30607
_yKatalog online BPK